LEADER 00897nam0-22003131i-450- 001 990003174420403321 010 $a88-7011-104-0 035 $a000317442 035 $aFED01000317442 035 $a(Aleph)000317442FED01 035 $a000317442 100 $a20000920d1980----km-y0itay50------ba 101 0 $aita 102 $aIT 200 1 $aRapporti di classe nell'America del primo 900$fDavid Montgomery$gintroduzione di Elisabetta Benenati Marconi e Vittorio Foa 210 $aTorino$cRosenberg & Sellier$d1980 215 $a212 p.$d21 cm 610 0 $aSindacati$aStoria 676 $aE/5 676 $aF/1.221 676 $aG/2.43 702 1$aMontgomery,$bDavid 801 0$aIT$bUNINA$gRICA$2UNIMARC 901 $aBK 912 $a990003174420403321 952 $aE/5 MON$b265$fSES 959 $aSES 996 $aRapporti di classe nell'America del primo 900$9458019 997 $aUNINA LEADER 01755cam0-22005411i-450- 001 990004616200403321 005 20100722173154.0 035 $a000461620 035 $aFED01000461620 035 $a(Aleph)000461620FED01 035 $a000461620 100 $a19990604g19571967km-y0itay50------ba 101 0 $aita 102 $aIT 105 $ay-------001yy 200 1 $aScritti storici e geografici$fCarlo Cattaneo$ga cura di Gaetano Salvemini e Ernesto Sestan 210 $aFirenze$cLe Monnier$d1957-1967 215 $a4 v.$d18 cm 610 0 $aStoria d'Italia$aPeriodo risorgimentale, 1815-1861$aPersone 676 $a945.083 092$v21$zita 676 $a900 700 1$aCattaneo,$bCarlo$f<1801-1869>$0302721 702 1$aSalvemini,$bGaetano$f<1873-1957> 702 1$aSestan,$bErnesto$f<1898-1986> 801 0$aIT$bUNINA$gRICA$2UNIMARC 901 $aBK 912 $a990004616200403321 952 $aXI AA 50/1$bI.F.Di.109/1$fFGBC 952 $aXI AA 50/2$bI.F.Di.109/2$fFGBC 952 $aXI AA 50/3$bI.F.Di.109/3$fFGBC 952 $aXI AA 50/4$bI.F.Di.109/4$fFGBC 952 $aCOLL.126(44;1)$bBibl.34943$fFLFBC 952 $aCOLL.126(44;2)$bBibl.34943$fFLFBC 952 $aCOLL.126(44;34)$bBibl.34943$fFLFBC 952 $aCOLL.126(44;4)$bBibl.34943$fFLFBC 952 $a945.08 CAT 1 (1)$bIstrc.182$fFLFBC 952 $a945.08 CAT 1 (2)$bIstrc.183$fFLFBC 952 $a945.08 CAT 1 (3)$bIstrc.184$fFLFBC 952 $a945.08 CAT 1 (4)$bIstrc.185$fFLFBC 952 $aXI CL C 2(6)$fDFD 952 $aXI CL C 2(7)$fDFD 952 $aXI CL C 2(8)$fDFD 952 $aXI CL C 2(9)$fDFD 959 $aFLFBC 959 $aDFD 959 $aFGBC 996 $aScritti storici e geografici$9146603 997 $aUNINA LEADER 01904oam 2200469Ia 450 001 9910701453803321 005 20120816152417.0 035 $a(CKB)5470000002418539 035 $a(OCoLC)785826761 035 $a(EXLCZ)995470000002418539 100 $a20120416d2011 ua 0 101 0 $aeng 135 $aurbn||||||||| 181 $ctxt$2rdacontent 182 $cc$2rdamedia 183 $acr$2rdacarrier 200 00$aReview of EPA's draft approaches for deriving numeric nutrient criteria for Florida's estuaries, coastal waters, and southern inland flowing waters$b[electronic resource] /$f[signed] Deborah L. Swackhamer, Judith L. Meyer 210 1$a[Washington, D.C.] :$cU. S. Environmental Protection Agency, Office of the Administrator, Science Advisory Board,$d2011. 215 $a1 online resource (67 pages) 300 $aTitle from title screen (viewed on Apr. 16, 2012). 300 $a"July 19, 2011." 300 $a"EPA-SAB-11-010." 320 $aIncludes bibliographical references (page [52-57]). 606 $aEstuarine fisheries$zFlorida 606 $aWater quality$zFlorida 606 $aWater$xPollution 606 $aWater quality$xMeasurement 615 0$aEstuarine fisheries 615 0$aWater quality 615 0$aWater$xPollution. 615 0$aWater quality$xMeasurement. 701 $aSwackhamer$b Deborah Liebl$01389701 701 $aMeyer$b Judith L$01404078 712 02$aUnited States.$bEnvironmental Protection Agency.$bScience Advisory Board. 712 02$aUnited States.$bEnvironmental Protection Agency.$bOffice of the Administrator. 801 0$bGPO 801 1$bGPO 801 2$bGPO 906 $aBOOK 912 $a9910701453803321 996 $aReview of EPA's draft approaches for deriving numeric nutrient criteria for Florida's estuaries, coastal waters, and southern inland flowing waters$93477941 997 $aUNINA